000
00320nam a22001457a 4500
003
OSt
008
220611b ||||| |||| 00| 0 eng d
082
_a
005.7 KAB
100
_a
THANGARAJ, M
245
_a
Big Data Analytics
260
_a
New Delhi
_b
PHI
_c
2024
300
_a
400
650
_a
CSE AIML
942
_2
ddc
_c
BK
999
_c
11324
_d
11324